Lead times (Record no. 78418)

MARC details
000 -LEADER
fixed length control field 00949cab a2200217 4500
001 - CONTROL NUMBER
control field ##L136726
008 - FIXED-LENGTH DATA ELEMENTS--GENERAL INFORMATION
fixed length control field 070219n2007 000 0 eng u
035 ## - SYSTEM CONTROL NUMBER
System control number (Sirsi) u136726
041 0# - LANGUAGE CODE
Language code of text/sound track or separate title eng
100 1# - MAIN ENTRY--PERSONAL NAME
Personal name Gale, Tony
245 00 - TITLE STATEMENT
Title Lead times
Remainder of title Oct-Dec 2006
260 ## - PUBLICATION, DISTRIBUTION, ETC.
Date of publication, distribution, etc. 2007
490 #0 - SERIES STATEMENT
Series statement Building
Volume/sequential designation 272(8467) 16 February 2007, 68-71(4)
520 ## - SUMMARY, ETC.
Summary, etc. Gives details of lead times for various products, including piling, concrete works, structural steel frames, precast concrete frames, cladding and roofing. The quarter to December 2006 has seen a steady increase in demand, although overall lead times have stayed the same or reduced, with the exception of curtain walling and suspended ceilings. A separate article examines archaelogical digs on construction sites.
590 ## - LOCAL NOTE (RLIN)
Local note KA
651 #4 - SUBJECT ADDED ENTRY--GEOGRAPHIC NAME
Geographic name United Kingdom
Chronological subdivision
690 ## - LOCAL SUBJECT ADDED ENTRY--TOPICAL TERM (OCLC, RLIN)
Topical term or geographic name as entry element BUILT ENVIRONMENT-BUILDING ELEMENTS
700 1# - ADDED ENTRY--PERSONAL NAME
Personal name Malcolm, Gordon
700 1# - ADDED ENTRY--PERSONAL NAME
Personal name Barker, Paul
942 ## - ADDED ENTRY ELEMENTS (KOHA)
Suppress in OPAC 0
Holdings
Withdrawn status Lost status Source of classification or shelving scheme Damaged status Not for loan Home library Current library Shelving location Date acquired Total Checkouts Full call number Barcode Date last seen Copy number Price effective from Koha item type
    Dewey Decimal Classification     London London Journal article 19/02/2007   L136726 136726-1001 06/08/2019 1 06/08/2019 Journal article